000 00829nas a2200289 4500
001 BR0002729
003 BR-BrBNA
005 20231205101855.0
007 ta
008 230509b bl.|||p| |||| 00| 00por d
040 _aBR-BrBNA
_bpor
_cBiblioteca Nacional de Agricultura
041 _a(Pt)
072 _aF30
100 1 _aBotrel, M. de A.
100 1 _aPereira, A.V.
100 1 _aFreitas, V. de P.
100 1 _aXavier, D.F.
245 1 _aPotencial forrageiro de novos clones de capim-Elefante
650 _aCapim Elefante
650 _aVariedade
650 _aClone
650 _aQualidade
650 _aMinas Gerais
773 0 _tRevista Brasileira de Zootecnia (Brazil)
_xISSN 1516-3598
_g(Mar-Apr 2000), v. 29(2) p. 334-340
_wBR0002729
909 _a202311
_bLúcia
_c55
_dLúcia Elande
942 _2AGRIS
_n0
_cANA
999 _c164450
_d164450